Finite Elements II. Galerkin Approximation, Elliptic and Mixed PDEs.

Gardado en:
Detalles Bibliográficos
Main Authors: Ern, Alexandre (Author), Guermond, Jean-Luc (Author)
Formato: Unknown
Idioma:inglés
Publicado: Cham, Switzerland: Springer Nature Switzerland AG, 2021.
Series:Texts in Applied Mathematics, 73
Subjects:
Acceso en liña:Disponible Online
Tags: Engadir etiqueta
Sen Etiquetas, Sexa o primeiro en etiquetar este rexistro!

MARC

LEADER 00000 a2200000 4500
003 CL-VaPUC
005 20220519100735.0
008 220502b2021 ||||| |||| 00| 0 eng d
999 |c 434029  |d 434027 
020 |a 9783030569228 
040 |c Pontificia Universidad Católica de Valparaíso 
082 7 |a 518.25 ERN 2021   |2 22 
100 |a Ern, Alexandre  |9 566799  |e author 
245 |a Finite Elements II.  |b Galerkin Approximation, Elliptic and Mixed PDEs. 
260 |a Cham, Switzerland:  |b Springer Nature Switzerland AG,   |c 2021. 
300 |a 492 páginas  
490 |a Texts in Applied Mathematics,   |v  73 
583 |k Cristina María Rojas Aguilar  |c 20220502 
650 0 |a Método de elementos finitos  |9 868866 
650 0 |a Análisis funcional   |9 269993 
650 0 |a Métodos de Galerkin  |9 868867 
700 |a Guermond, Jean-Luc  |9 566800  |e author 
856 |u http://bibliografiadigital.pucv.cl/index.php/bibliotecapucv/catalog/book/946  |y Disponible Online  
942 |2 ddc  |c BK 
952 |0 0  |1 0  |2 ddc  |4 0  |6 518_250000000000000_ERN_2021  |7 0  |8 A  |9 582804  |a BIBMAT  |b BIBMAT  |c GEN  |d 2022-05-02  |e 74  |g 98774.25  |i 5650987  |l 1  |m 5  |o 518.25 ERN 2021  |p 5650987  |r 2025-01-07  |s 2022-12-22  |t 1  |v 98774.25  |w 2022-05-02  |y BK  |k MAT